The effects of teaching methodology on the learning of engineering drawing /
Saved in:
| Main Author: | |
|---|---|
| Format: | Thesis Book |
| Language: | English |
| Published: |
1994.
|
| Subjects: | |
| Tags: |
Add Tag
No Tags, Be the first to tag this record!
|
| LEADER | 00749cam a2200217 a 4500 | ||
|---|---|---|---|
| 001 | u377736 | ||
| 003 | SIRSI | ||
| 008 | 940713s1994 si v 00 1 eng m | ||
| 035 | |a ABW-7716 | ||
| 040 | |a UMM | ||
| 090 | |a T351.5 |b Won | ||
| 100 | 1 | 0 | |a Wong, Weng Kee. |
| 245 | 1 | 4 | |a The effects of teaching methodology on the learning of engineering drawing / |c by Wong Weng Kee. |
| 260 | |c 1994. | ||
| 300 | |a xi, 175 leaves : |b ill. ; |c 30 cm. | ||
| 502 | |a Dissertation (M.Ed.) -- National University of Singapore, 1994. | ||
| 504 | |a Bibliography: leaves 116-128. | ||
| 650 | 0 | |a Mechanical engineering |x Study and teaching. | |
| 948 | |a 25/07/1995 |b 14/08/2002 | ||
| 596 | |a 1 | ||
| 999 | |a T351.5 WON |w LC |c 1 |i A504951726 |d 17/5/1997 |l STACKS |m P01UTAMA |n 1 |r Y |s Y |t TESIS |u 4/8/1995 | ||
